000 00385nam a2200157Ia 4500
008 230524s9999 xx 000 0 und d
082 _a5.13
_bLIP
100 _aSeymour Lipschutz
245 0 _aTheory and Programme of Data Structures
250 _a1ST
260 _aNEW DELHI
_bTMH
_c1986
300 _aVIII;344
500 _aQuantity Number: 1
650 _aComp-Sc
942 _cBK
999 _c25970
_d25970